Jeux Vidéo par images - Statistiques

Statistiques générales
  • Ce quiz a été pris 131 fois
  • Le résultat moyen est 7 sur 12
Statistiques - réponses
Par images Réponse % Correct
Minecraft
94%
Grand Theft auto V
81%
Red dead redemption 2
74%
Super Mario Galaxy
72%
Cyberpunk 2077
67%
The Elder Scrolls V Skyrim
67%
Genshin impact
64%
Super Smash Bros. Ultimate
51%
Mario Kart World
39%
Animal Crossing New Leaf
33%
The legend of Zelda Ocarina of Time
30%
Bowser's Fury
17%
Aucun quiz correspondant
Distribution des résultats
% des personnes avec chaque résultat
Percentile par nombre de réponses
Votre historique - résultats
Vous n’avez pas pris ce quiz